000 01008nam a2200277 c 4500
003 BLK
005 20180422113436.0
008 180410b bul|||||r ||||||| ||bul||
010 _aKNG00163117000
040 _aBLK
041 _aBUL
_cBUL
080 _aВътрешна политика. Вж и 329
_b323
_x(436)
_z323(436)
100 1 _aЧорбаджиев, Свилен
_eпърви автор
_9369771
139 _aЧорбаджиев, Свилен
_bЧ 92
245 1 0 _aЗа Австрия и австрийците
_bОчерци
_cСвилен Чорбаджиев.
257 _aBGR
260 София
_bПартиздат
_c1989
300 _a200 с.
_c20 см
380 _a3
500 _a5 110 тир. - Библиогр. с. 198.
852 _aЦб 156315
856 4 _qpdf
_u
856 4 _qpdf
_u
942 _cKNG
_n0
944 _aCR
_c16.07.2014
_l16.07.2014 - от С1,Р / 16.07.2014
_kЛюбка_Николова
944 _aED
_c09.10.2017
_l16.07.2014 - от С1,Р / 16.07.2014
_kВася_Ганчева
999 _c156311
_d156311